000 00566nam a2200229Ia 4500
003 OSt
005 20220928140054.0
006 a|||||r|||| 00| 0
007 ta
008 220927b |||||||| |||| 00| 0 eng d
024 _a6325
037 _cTextual
040 _aSDCL
_cSDCL
_beng
041 _2eng
_aeng
082 _aB271, P0
100 _aRibes Luis
_9493745
245 0 _aProfinite groups
260 _c2000
700 _a Zalesskii Pavel
_9493746
942 _hB271, P0
_cTEXL
_2CC
999 _c809586
_d809586